Most Populous Non-Capital Cities on a Map: USA - Statistics

General Stats
  • This quiz has been taken 152 times
    141 since last reset
  • The average score is 28 of 50
Answers on the Map
Answers color-coded by a green-red scale on the quiz's map according to % correct below.
 
Answer Stats
Answer % Correct
Albuquerque
82%
Los Angeles
82%
Anchorage
79%
Chicago
78%
Birmingham
76%
Jacksonville
76%
Houston
73%
Las Vegas
73%
New Orleans
73%
Colorado Springs
72%
East Honolulu
72%
Baltimore
71%
Detroit
71%
Minneapolis
71%
New York City
70%
Philadelphia
68%
Tucson
68%
Milwaukee
67%
Cleveland
66%
Virginia Beach
66%
Seattle
65%
Kansas City
63%
Louisville
63%
Memphis
63%
Omaha
63%
Charlotte
62%
Tulsa
61%
Newark
60%
Wichita
59%
Sioux Falls
54%
Fargo
51%
Billings
50%
Fort Wayne
49%
Charleston
48%
Bridgeport
45%
Augusta
43%
Portland (Cumberland)
43%
Casper
41%
Cedar Rapids
41%
Portland (Multnomah)
40%
Wilmington
38%
Burlington
37%
Worcester
37%
Manchester
35%
Gulfport
34%
Fort Smith
30%
West Valley City
29%
Warwick
28%
Huntington
22%
Meridian
21%
No matching quizzes found
Score Distribution
Percent of People with Each Score
Percentile by Number Answered
Your Score History
You have not taken this quiz since the last reset